[Event "Chigorin Memorial 30th"]
[Site "St Petersburg"]
[Date "2023.10.29"]
[Round "9"]
[White "Nagornov, Nikita"]
[Black "Shuvalov, Evgenij"]
[Result "0-1"]
[WhiteElo "2230"]
[BlackElo "2073"]
[PlyCount "60"]
[EventDate "2023.10.21"]
[EventType "swiss"]
[EventRounds "9"]
[EventCountry "RUS"]
[SourceTitle "Mega2024 Update 01"]
[Source "Chessbase"]
[SourceDate "2023.11.12"]
[SourceVersion "1"]
[SourceVersionDate "2023.11.12"]
[SourceQuality "1"]

1. d4 Nf6 2. c4 g6 3. Nc3 d5 4. cxd5 Nxd5 5. e4 Nxc3 6. bxc3 Bg7 7. Nf3 c5 8. Be3 Qa5 9. Qd2 0-0 10. Rc1 Nd7 11. d5 Nf6 12. c4 Qxd2+ 13. Nxd2 b6 14. f3 e6 15. Be2 Ne8 16. f4 Bb7 17. Rb1 exd5 18. exd5 Nd6 19. Bd3 Bc8 20. Nf3 Bf5 21. Kd2 Rfe8 22. Rhe1 Ne4+ 23. Bxe4 Rxe4 24. Rbc1 Bb2 25. Rc2 Ba3 26. Kd1 Rae8 27. Rce2 Rxc4 28. Ne5 Rb4 29. Rf2 f6 30. Nf3 Be4 0-1

[Event "Chigorin Memorial 30th"]
[Site "St Petersburg"]
[Date "2023.10.26"]
[Round "6"]
[White "Zakhartsov, Vladimir"]
[Black "Nagornov, Nikita"]
[Result "1-0"]
[WhiteElo "2523"]
[BlackElo "2230"]
[PlyCount "81"]
[EventDate "2023.10.21"]
[EventType "swiss"]
[EventRounds "9"]
[EventCountry "RUS"]
[SourceTitle "Mega2024 Update 01"]
[Source "Chessbase"]
[SourceDate "2023.11.12"]
[SourceVersion "1"]
[SourceVersionDate "2023.11.12"]
[SourceQuality "1"]

1. d4 Nf6 2. c4 e6 3. Nf3 b6 4. a3 Bb7 5. Nc3 d5 6. Bg5 Be7 7. e3 0-0 8. Bxf6 Bxf6 9. cxd5 exd5 10. Bd3 c5 11. 0-0 cxd4 12. exd4 Nc6 13. Re1 Qd6 14. Nb5 Qf4 15. Ne5 Bxe5 16. dxe5 Nxe5 17. Bxh7+ Kxh7 18. Qh5+ Kg8 19. Qxe5 Qxe5 20. Rxe5 f6 21. Re7 Rf7 22. Rxf7 Kxf7 23. Rc1 Kg6 24. f3 Ba6 25. Nd4 Re8 26. Kf2 Re7 27. h4 Kf7 28. g4 Bd3 29. Rc8 Bb1 30. h5 Rd7 31. Ke3 Ke7 32. Kd2 Kf7 33. Ra8 a5 34. Rb8 Rd6 35. Rb7+ Kg8 36. f4 g5 37. f5 Be4 38. h6 Kh8 39. Rf7 Kg8 40. Rg7+ Kh8 41. Ne6 1-0

[Event "Chigorin Memorial 30th"]
[Site "St Petersburg"]
[Date "2023.10.22"]
[Round "2"]
[White "Klachkou, Platon"]
[Black "Nagornov, Nikita"]
[Result "1-0"]
[WhiteElo "1966"]
[BlackElo "2230"]
[PlyCount "99"]
[EventDate "2023.10.21"]
[EventType "swiss"]
[EventRounds "9"]
[EventCountry "RUS"]
[SourceTitle "Mega2024 Update 01"]
[Source "Chessbase"]
[SourceDate "2023.11.12"]
[SourceVersion "1"]
[SourceVersionDate "2023.11.12"]
[SourceQuality "1"]

1. Nf3 Nf6 2. g3 b5 3. Bg2 Bb7 4. 0-0 e6 5. b3 c5 6. c4 bxc4 7. bxc4 Be7 8. Nc3 Nc6 9. Rb1 Rb8 10. d3 0-0 11. Qa4 Ba8 12. Rxb8 Qxb8 13. Bd2 d6 14. Rb1 Qc7 15. Ne1 Qd7 16. Nc2 Rd8 17. Na3 h6 18. Nab5 d5 19. Bf4 d4 20. Ne4 Ne8 21. Qa3 e5 22. Bc1 Rb8 23. Rb3 Nb4 24. Qxa7 Qxa7 25. Nxa7 f5 26. Nd2 Bxg2 27. Kxg2 Ra8 28. Nb5 Rxa2 29. Ra3 Rc2 30. Ra1 Bg5 31. Nb3 Bxc1 32. Rxc1 Rxe2 33. Nxc5 Nf6 34. h3 Rd2 35. Nd6 Nxd3 36. Nxd3 Rxd3 37. Nxf5 Rd2 38. c5 Ne8 39. Kf3 Nc7 40. c6 Kf7 41. Rc5 Kf6 42. Nd6 Rd3+ 43. Ke4 Rd2 44. Nb5 Nxb5 45. Rxb5 Rc2 46. Kd5 d3 47. Kd6 d2 48. Rd5 Kf5 49. Rxe5+ Kf6 50. Rd5 1-0

[Event "Chigorin Memorial Blitz 30th"]
[Site "St Petersburg"]
[Date "2023.10.20"]
[Round "7"]
[White "Nagornov, Nikita"]
[Black "Gavrilov, Oleg"]
[Result "0-1"]
[WhiteElo "2230"]
[BlackElo "2356"]
[PlyCount "62"]
[EventDate "2023.10.20"]
[EventType "swiss (blitz)"]
[EventRounds "11"]
[EventCountry "RUS"]
[SourceTitle "Mega2024 Update 01"]
[Source "Chessbase"]
[SourceDate "2023.11.12"]
[SourceVersion "1"]
[SourceVersionDate "2023.11.12"]
[SourceQuality "1"]

1. d4 d5 2. c4 c6 3. Nc3 Nf6 4. e3 Bf5 5. cxd5 cxd5 6. Qb3 Bc8 7. Nf3 Nc6 8. Ne5 e6 9. f4 Be7 10. Bd3 0-0 11. 0-0 Ne8 12. Bd2 f6 13. Nxc6 bxc6 14. Na4 Bd7 15. Qc2 f5 16. Nc5 Rb8 17. Rac1 Nd6 18. b3 Bc8 19. Na6 Bxa6 20. Bxa6 Ne4 21. Be1 c5 22. dxc5 Bxc5 23. Bf2 Qb6 24. Qd3 Nxf2 25. Kxf2 Bxe3+ 26. Qxe3 Qxa6 27. Rc2 Rb4 28. Rfc1 Re4 29. Qf3 Qb6+ 30. Kf1 Qb4 31. Re2 Rxf4 0-1

[Event "Moscow op-A 19th"]
[Site "Moscow"]
[Date "2023.07.23"]
[Round "9"]
[White "Nagornov, Nikita"]
[Black "Grigorjev, Iljya"]
[Result "0-1"]
[WhiteElo "2157"]
[BlackElo "2428"]
[PlyCount "186"]
[EventDate "2023.07.17"]
[EventType "swiss"]
[EventRounds "9"]
[EventCountry "RUS"]
[SourceTitle "CBM 215 Extra"]
[Source "ChessBase"]
[SourceDate "2023.09.30"]
[SourceVersion "1"]
[SourceVersionDate "2023.09.30"]
[SourceQuality "1"]

1. d4 Nf6 2. Nf3 e6 3. c4 Bb4+ 4. Bd2 Qe7 5. g3 Nc6 6. Bg2 Bxd2+ 7. Nbxd2 0-0 8. 0-0 d6 9. e4 e5 10. d5 Nb8 11. Ne1 Ng4 12. Nd3 f5 13. exf5 Bxf5 14. Ne4 Nd7 15. Qe2 Rae8 16. Rae1 Ndf6 17. Nc3 Qf7 18. f3 Qg6 19. Nc1 Nh6 20. g4 Bd7 21. h3 Nf7 22. Nd3 h5 23. Nf2 a5 24. b3 b6 25. Qe3 Nh8 26. Nfe4 Nxe4 27. Nxe4 Qh6 28. Qxh6 gxh6 29. gxh5 Rf4 30. Ng3 Ref8 31. Re4 Bf5 32. Rxf4 exf4 33. Nxf5 Rxf5 34. Re1 Kf8 35. Re4 Nf7 36. h4 Ne5 37. Bh3 Rf6 38. Kg2 Nd3 39. Rd4 Nc5 40. Kf2 Kg7 41. Bg4 Rf8 42. Ke2 Rf7 43. Kd2 Kf8 44. Kc2 Rf6 45. Kd1 Nb7 46. Kc2 Nd8 47. Kd1 Nf7 48. Ke2 Ne5 49. Bh3 Ke7 50. Kf2 Rf8 51. Ke2 a4 52. b4 a3 53. Bg4 c5 54. dxc6 Nxc6 55. Re4+ Kd8 56. Kd2 Nxb4 57. Kc3 Nxa2+ 58. Kb3 Nc1+ 59. Kxa3 Rf6 60. Kb4 Nd3+ 61. Kc3 Ne5 62. Re1 Kc7 63. Rf1 Kc6 64. Kd4 Kc7 65. Rf2 Rf8 66. Be6 Nc6+ 67. Kc3 Re8 68. Bd5 Re3+ 69. Kb2 Nb4 70. Rg2 Nxd5 71. cxd5 b5 72. Rc2+ Kd7 73. Rg2 Kc7 74. Rc2+ Kd7 75. Rg2 Rxf3 76. Rg7+ Kc8 77. Rf7 Rd3 78. Rxf4 Rxd5 79. Rf6 Rxh5 80. Rxd6 Rxh4 81. Kb3 h5 82. Rb6 b4 83. Rh6 Kd7 84. Ka4 Ke7 85. Rg6 Rg4 86. Rh6 h4 87. Kb3 Kf7 88. Rh8 Kf6 89. Rh5 Kg6 90. Rh8 Kg5 91. Rh7 Rf4 92. Rg7+ Kf5 93. Rg8 h3 0-1